000 00945cam a22001695a 4500
001 L156820
008 120717s1787 xxk f 000 0 eng d
035 _a(Sirsi) u156820
041 0 _aeng
110 2 _aChristie and Co
_91921
245 0 2 _aA catalogue of all the live and dead farming stock, ... late the property of Earl Ferrers, dec. at his Lordship's seat, at Chartley Castle, near Wolesley Bridge, Staffordshire. Which will be sold by auction by Mr Christie, on the premises on Friday, June 22, 1787 ... on Monday the 25th instant, and seven following days, Sunday excepted, will be sold, all the elegant household furniture, numerous live and dead stock, and other valuable effects, at his lordship's late seat at Staunton Harold, near Ashby-de-la-Zouch, in the county of Leicester
260 _a[S.l.]
_b[s.n.]
_c[1787]
300 _a[22 p.]
_c26 cm.
651 4 _aGreat Britain
_y1707-
690 _aAuctioneering
_96218
942 _n0
999 _c114436
_d114436